LIBRARY & INFORMATION CENTRE, KCAET, TAVANUR

ONLINE PUBLIC ACCESS CATALOGUE (OPAC)

Puthu jeeva rasathanthram / (Record no. 6016)

MARC details
000 -LEADER
fixed length control field 00541cam a2200217ua 4500
041 ## - LANGUAGE CODE
Language code of text/sound track or separate title mal
082 ## - DEWEY DECIMAL CLASSIFICATION NUMBER
Classification number 574.192
Item number GOP/JE
100 ## - MAIN ENTRY--AUTHOR NAME
Personal name Gopalaswamy, M .
245 ## - TITLE STATEMENT
Title Puthu jeeva rasathanthram /
250 ## - EDITION STATEMENT
Edition statement 1 /
260 ## - PUBLICATION, DISTRIBUTION, ETC. (IMPRINT)
Place of publication Thiruvananthapuram :
Name of publisher State Instititute of Languages ,
Year of publication 1973.
300 ## - PHYSICAL DESCRIPTION
Number of Pages 118 ; .
942 ## - ADDED ENTRY ELEMENTS (KOHA)
Koha item type Books
Holdings
Withdrawn status Lost status Damaged status Home library Current library Date acquired Full call number Accession Number Koha item type
      KAUAET KAUAET 07/04/2012 574.192 13486 Books
      KAUAET KAUAET 07/04/2012 574.192 13485 Books
      KAUAET KAUAET 07/04/2012 574.192 13487 Books
      KAUAET KAUAET 07/04/2012 574.192 13488 Books
free website counter